| 000 | 00519nam a2200193Ia 4500 | ||
|---|---|---|---|
| 003 | IN-BaIIA | ||
| 008 | 211028s9999 xx 000 0 eng d | ||
| 040 | _cIIA Library | ||
| 080 |
_a524.8 _bSCH |
||
| 100 |
_aSchatzman, E. L _97228 |
||
| 245 | 4 |
_aThe structure of the universe _cE. L. Schatzman |
|
| 260 |
_aNew York _bMcGraw-Hill _c1971 |
||
| 300 | _a255p. | ||
| 490 | _aWorld university library | ||
| 650 | _aAstronomy and astrophysics thesaurus | ||
| 650 | _aCosmology | ||
| 650 |
_aUniverse _91987 |
||
| 942 | _cBK | ||
| 999 |
_c4095 _d4095 |
||